| 000 | 00852nam a22002057a 4500 | ||
|---|---|---|---|
| 005 | 20240520114355.0 | ||
| 010 | _aHIN-127654 | ||
| 020 |
_a9789392694448 _c300.00 |
||
| 035 | _aHN-100000 | ||
| 037 | _bDBAD | ||
| 082 |
_aक _21 |
||
| 100 |
_aपंडित, जय शंकर _966441 |
||
| 245 |
_aटिकुलिया गोरखपुर की कथा संग्रह / _cजय शंकर पंडित _hHindi |
||
| 260 |
_aजयपुर, _bसाहित्यागार, _c2022 |
||
| 270 |
_aधामनी मार्किट कीगली , चौड़ा रास्ता _bजयपुर |
||
| 300 |
_a160पृ. _c22 सेमी.(सजिल्द) |
||
| 650 |
_aहिन्दी _966442 |
||
| 700 |
_aपंडित, जय शंकर _966436 |
||
| 942 |
_2ddc _cHN _hक _mपंडित |
||
| 999 |
_c203002 _d203002 |
||